书目信息 |
| 题名: |
书院与地方社会
|
|
| 作者: | 蔡志荣 著 | |
| 分册: | ||
| 出版信息: | 北京 中国社会科学出版社 2014.06 |
|
| 页数: | 250页 | |
| 开本: | 24cm | |
| 丛书名: | 群体·社会丛书 | |
| 单 册: | ||
| 中图分类: | G649.299.63 | |
| 科图分类: | ||
| 主题词: | 书院--教育史--湖北省--明清时代 , 书院 , 教育史 | |
| 电子资源: | ||
| ISBN: | 978-7-5161-3713-0 | |
| 000 | 01341oam2 2200301 450 | |
| 001 | 012014101088 | |
| 005 | 20160606171350.40 | |
| 010 | @a978-7-5161-3713-0@dCNY48.00 | |
| 100 | @a20140901d2014 em y0chiy0110 ea | |
| 101 | 0 | @achi |
| 102 | @aCN@b110000 | |
| 105 | @ay z 000yy | |
| 106 | @ar | |
| 200 | 1 | @a书院与地方社会@9shu yuan yu di fang she hui@e以明清湖北书院为中心考察@f蔡志荣著 |
| 210 | @a北京@c中国社会科学出版社@d2014.06 | |
| 215 | @a250页@d24cm | |
| 225 | 2 | @a群体·社会丛书 |
| 300 | @a湖北省哲学社会科学基金项目“书院与地方社会:以明清湖北书院为考察中心” 湖北省教育厅人文社会科学研究项目“明清湖北书院研究” 湖北省省级重点学科教育学建设项目 湖北第二师范学院博士出版基金 | |
| 330 | @a本书以书院为视角考察地方社会各方面关系,解释中国传统社会历史。改善湖选取湖北书院为例,探讨其个性与共性,对明清时期的湖北书院进行描述与论说,与其它区域进行对比与对话,可以更加全面深入地展现明清时期区域发展的状态,通过对明清湖北书院运行模式和特点,以及书院与地方社会文化之间的双向良性互动的考察,来总结反思明清湖北书院的发展历程。 | |
| 333 | @a教育研究人员 | |
| 461 | 0 | @12001 @a群体·社会丛书 |
| 606 | 0 | @a书院@x教育史@y湖北省@z明清时代 |
| 606 | 0 | @a书院 |
| 606 | 0 | @a教育史 |
| 690 | @aG649.299.63@v5 | |
| 701 | 0 | @a蔡志荣@9cai zhi rong@4著 |
| 801 | 0 | @aCN@b人天书店@c20140901 |
| 905 | @b879028-33@dG649.299.63@e757@f6 | |
| 书院与地方社会:以明清湖北书院为中心考察/蔡志荣著.-北京:中国社会科学出版社,2014.06 |
| 250页;24cm.-(群体·社会丛书) |
| 湖北省哲学社会科学基金项目“书院与地方社会:以明清湖北书院为考察中心” 湖北省教育厅人文社会科学研究项目“明清湖北书院研究” 湖北省省级重点学科教育学建设项目 湖北第二师范学院博士出版基金.-使用对象:教育研究人员 |
| ISBN 978-7-5161-3713-0:CNY48.00 |
| 本书以书院为视角考察地方社会各方面关系,解释中国传统社会历史。改善湖选取湖北书院为例,探讨其个性与共性,对明清时期的湖北书院进行描述与论说,与其它区域进行对比与对话,可以更加全面深入地展现明清时期区域发展的状态,通过对明清湖北书院运行模式和特点,以及书院与地方社会文化之间的双向良性互动的考察,来总结反思明清湖北书院的发展历程。 |
| ● |
| 相关链接 |
|
|
|
|
正题名:书院与地方社会
索取号:G649.299.63/757
 
预约/预借
| 序号 | 登录号 | 条形码 | 馆藏地/架位号 | 状态 | 备注 |
| 1 | 879028 | 208790281 | 第一样本阅览室/ [索取号:G649.299.63/757] | 在馆 | |
| 2 | 879029 | 208790290 | 教育系资料室/ [索取号:G649.299.63/757] | 在馆 | |
| 3 | 879030 | 208790307 | 教育系资料室/ [索取号:G649.299.63/757] | 在馆 | |
| 4 | 879031 | 208790316 | 教育系资料室/ [索取号:G649.299.63/757] | 在馆 | |
| 5 | 879032 | 208790325 | 第四借阅区/ [索取号:G649.299.63/757] | 在馆 | |
| 6 | 879033 | 208790334 | 第四借阅区/ [索取号:G649.299.63/757] | 在馆 |